000 00458nam a2200205Ia 4500
003 0100
008 130303s9999 xx 000 0 und d
040 _cARRUPELIB
050 _aBP88.Q5S4813
100 _aQutb, Muhammad
245 _aIslam
245 _bthe misunderstood religion
260 _aDacca
260 _bPakistan Press Syndicate
260 _C1969
300 _a262p.
300 _b 23 cm
650 _bLiterature
942 _2lcc
_02
999 _c66891
_d66891